| 000 | 00600nam a22001337a 4500 | ||
|---|---|---|---|
| 040 | _cRUA | ||
| 082 | _aATM LOM 2009 B196 Or.1 | ||
| 100 | _aLOM, VANNA. | ||
| 245 | _aEffect of the number of ploughing by plow on mung bean's yield, ឥទ្ធិពលចំនួនសា នៃការភ្ជួរដោយនង្គ័លភ្នៀងលើទិន្នផលដំណាំសណ្ដែកបាយ | ||
| 260 |
_a Phnom Penh _bRUA _c2009 |
||
| 300 |
_ax; 48p. _bill. _c29cm. |
||
| 856 | _uhttps://drive.google.com/file/d/1O__EShSHAw7QGgFRCw8rk0wYUf3Qo3F2/view?usp=sharing | ||
| 942 | _cATM | ||
| 999 |
_c4279 _d4279 |
||